[Event "Victoria op"]
[Site "Melbourne"]
[Date "2018.06.11"]
[Round "6"]
[White "Flitney, Adrian"]
[Black "Dai, Cheng"]
[Result "1-0"]
[WhiteElo "1942"]
[BlackElo "1770"]
[PlyCount "117"]
[EventDate "2018.06.08"]
[EventType "swiss"]
[EventRounds "7"]
[EventCountry "AUS"]
[SourceTitle "CBM 184 Extra"]
[Source "ChessBase"]
[SourceDate "2018.06.28"]
[SourceVersion "1"]
[SourceVersionDate "2018.06.28"]
[SourceQuality "1"]

1. e4 c5 2. d4 cxd4 3. c3 d3 4. Bxd3 Nc6 5. Nf3 d6 6. Bc4 e6 7. 0-0 Be7 8. Qe2 Nf6 9. Rd1 Qc7 10. Na3 a6 11. Bf4 e5 12. Bg5 Bg4 13. h3 Bh5 14. Bb3 0-0 15. Nc4 Rad8 16. Be3 Nd7 17. a4 Na5 18. Nxa5 Qxa5 19. Bd5 Qc7 20. a5 Rc8 21. c4 Nf6 22. Bb6 Qb8 23. g4 Bg6 24. Rac1 Bd8 25. Bxd8 Rfxd8 26. b4 Rc7 27. Nh4 Qc8 28. f3 Qd7 29. c5 Nxd5 30. Rxd5 Qe7 31. Nxg6 hxg6 32. Rcd1 Rcd7 33. Qd2 Kf8 34. Kg2 Ke8 35. cxd6 Qe6 36. f4 exf4 37. Qxf4 f6 38. e5 g5 39. Qc4 Kf8 40. Qc5 fxe5 41. Rxe5 Qa2+ 42. Qf2+ Qxf2+ 43. Kxf2 Rxd6 44. Rxd6 Rxd6 45. Rxg5 Rd2+ 46. Kg3 Rb2 47. Rf5+ Ke7 48. Rf4 Rb3+ 49. Kh4 Ke6 50. Kg5 Rxh3 51. Kg6 Ke5 52. Rf5+ Ke4 53. Rf7 Rb3 54. Rxb7 Kf4 55. g5 Kg4 56. Rb6 Kf4 57. Rxa6 Rxb4 58. Rb6 Ra4 59. Rb5 1-0

[Event "Doeberl Cup Premier 51st"]
[Site "Canberra"]
[Date "2013.03.31"]
[Round "7"]
[White "Flitney, Adrian"]
[Black "Yin, Wenlin"]
[Result "0-1"]
[WhiteElo "1955"]
[BlackElo "1908"]
[PlyCount "92"]
[EventDate "2013.03.28"]
[EventType "swiss"]
[EventRounds "9"]
[EventCountry "AUS"]
[SourceTitle "EXT 2023"]
[Source "ChessBase"]
[SourceDate "2022.10.05"]
[SourceVersion "1"]
[SourceVersionDate "2022.10.05"]
[SourceQuality "1"]

1. e4 c5 2. d4 cxd4 3. c3 Nf6 4. e5 Nd5 5. Nf3 e6 6. cxd4 d6 7. a3 Bd7 8. Bd3 Be7 9. 0-0 Bc6 10. Nc3 Nd7 11. Ne4 dxe5 12. dxe5 Qc7 13. Re1 Nxe5 14. Nxe5 Qxe5 15. Ng5 Qd6 16. Qh5 g6 17. Qh6 Nf4 18. Nxf7 Qd5 19. Be4 Ne2+ 20. Kf1 Qxe4 21. f3 Qd3 22. Ne5 Qa6 23. Nxc6 Nxc1+ 24. Kg1 Ne2+ 25. Rxe2 Qxc6 26. Rc1 Qb6+ 27. Kh1 Kf7 28. Qf4+ Kg7 29. Rc7 Rhe8 30. Qe5+ Kg8 31. Qxe6+ Qxe6 32. Rxe6 Bf6 33. Rxe8+ Rxe8 34. g3 Re1+ 35. Kg2 Re2+ 36. Kh3 Rxb2 37. Rc8+ Kg7 38. Rc7+ Kh6 39. f4 Bd4 40. g4 Rb3+ 41. Kg2 Be3 42. Rf7 Rxa3 43. g5+ Kh5 44. Rxh7+ Kg4 45. Rxb7 Ra2+ 46. Kf1 Kf3 0-1

[Event "Doeberl Cup Premier 51st"]
[Site "Canberra"]
[Date "2013.03.30"]
[Round "6"]
[White "Zelesco, Karl"]
[Black "Flitney, Adrian"]
[Result "1-0"]
[WhiteElo "2148"]
[BlackElo "1955"]
[PlyCount "77"]
[EventDate "2013.03.28"]
[EventType "swiss"]
[EventRounds "9"]
[EventCountry "AUS"]
[SourceTitle "EXT 2023"]
[Source "ChessBase"]
[SourceDate "2022.10.05"]
[SourceVersion "1"]
[SourceVersionDate "2022.10.05"]
[SourceQuality "1"]

1. d4 d5 2. c4 e6 3. Nc3 c5 4. cxd5 cxd4 5. Qa4+ Bd7 6. Qxd4 exd5 7. Qxd5 Nc6 8. Nf3 Nf6 9. Qd3 Bc5 10. a3 Qe7 11. e3 0-0-0 12. b4 Bb6 13. Qc2 Kb8 14. Be2 g5 15. b5 Na5 16. Bb2 g4 17. Nd2 Rhe8 18. 0-0-0 Rc8 19. Kb1 Rc5 20. Nb3 Nxb3 21. Qxb3 Ba5 22. Rc1 Be6 23. Qa4 Qc7 24. Na2 Bf5+ 25. Ka1 Bc2 26. Qd4 Ne4 27. Nb4 Rd8 28. Qg7 Bxb4 29. axb4 Rg5 30. Qh6 Rd6 31. Qf8+ Rd8 32. Qh6 a5 33. Bd1 Rxd1 34. Rhxd1 axb4 35. Qf8+ Ka7 36. Qxb4 Nd6 37. b6+ Qxb6 38. Qxb6+ Kxb6 39. Rxd6+ 1-0

[Event "Oceania zt"]
[Site "Rotorua"]
[Date "2011.01.28"]
[Round "5"]
[White "Lukey, Stephen G"]
[Black "Flitney, Adrian"]
[Result "1/2-1/2"]
[WhiteElo "2244"]
[BlackElo "1973"]
[PlyCount "103"]
[EventDate "2011.01.25"]
[EventType "swiss"]
[EventRounds "9"]
[EventCountry "NZL"]
[SourceTitle "CBM 140 Extra"]
[Source "ChessBase"]
[SourceDate "2011.03.01"]
[SourceVersion "1"]
[SourceVersionDate "2011.03.01"]
[SourceQuality "1"]

1. d4 d5 2. c4 e6 3. Nf3 c5 4. cxd5 exd5 5. g3 Nc6 6. Bg2 Nf6 7. Nc3 Be7 8. 0-0 0-0 9. Bg5 Be6 10. Rc1 Rc8 11. dxc5 d4 12. Bxf6 Bxf6 13. Ne4 Be7 14. Qa4 Qd5 15. Ned2 Qxa2 16. Qxa2 Bxa2 17. b3 Rfd8 18. Rc4 d3 19. Ra4 dxe2 20. Re1 Bxc5 21. Rxe2 Nb4 22. Re4 b5 23. Raxb4 Bxb4 24. Rxb4 Rc1+ 25. Bf1 a6 26. Re4 Bb1 27. Re3 Bd3 28. Kg2 Bxf1+ 29. Nxf1 Kf8 30. N1d2 Rd1 31. Ne4 R1d3 32. Rxd3 Rxd3 33. Nc5 Rc3 34. Nxa6 Rxb3 35. Nd4 Rb1 36. Kf3 b4 37. Nc5 Ke7 38. Ke4 Kd6 39. Nd3 g6 40. g4 Rh1 41. Nxb4 Rxh2 42. Nd3 f6 43. Kf4 h5 44. Kg3 Rh1 45. gxh5 gxh5 46. Nf5+ Ke6 47. Nh4 f5 48. Nf4+ Ke5 49. Nxh5 f4+ 50. Nxf4 Rf1 51. f3 Rxf3+ 52. Kxf3 1/2-1/2

[Event "Oceania zt"]
[Site "Rotorua"]
[Date "2011.01.28"]
[Round "6"]
[White "Schon, Eugene"]
[Black "Flitney, Adrian"]
[Result "1-0"]
[WhiteElo "2157"]
[BlackElo "1973"]
[PlyCount "41"]
[EventDate "2011.01.25"]
[EventType "swiss"]
[EventRounds "9"]
[EventCountry "NZL"]
[SourceTitle "CBM 140 Extra"]
[Source "ChessBase"]
[SourceDate "2011.03.01"]
[SourceVersion "1"]
[SourceVersionDate "2011.03.01"]
[SourceQuality "1"]

1. d4 Nf6 2. c4 c5 3. d5 b5 4. cxb5 g6 5. Nc3 Bg7 6. Nf3 0-0 7. g3 a6 8. bxa6 Bxa6 9. Bg2 d6 10. 0-0 Nbd7 11. Rb1 Nb6 12. b3 Bb7 13. e4 Nfd7 14. Qc2 Bxc3 15. Qxc3 Rxa2 16. Bh6 f6 17. Bxf8 Qxf8 18. Ra1 Rxa1 19. Rxa1 f5 20. Bh3 fxe4 21. Be6+ 1-0

[Event "Oceania zt"]
[Site "Rotorua"]
[Date "2011.01.26"]
[Round "3"]
[White "Flitney, Adrian"]
[Black "Pinic, Noel"]
[Result "1/2-1/2"]
[WhiteElo "1973"]
[BlackElo "2058"]
[PlyCount "65"]
[EventDate "2011.01.25"]
[EventType "swiss"]
[EventRounds "9"]
[EventCountry "NZL"]
[SourceTitle "CBM 140 Extra"]
[Source "ChessBase"]
[SourceDate "2011.03.01"]
[SourceVersion "1"]
[SourceVersionDate "2011.03.01"]
[SourceQuality "1"]

1. e4 c5 2. d4 cxd4 3. c3 dxc3 4. Nxc3 Nc6 5. Nf3 d6 6. Bc4 e6 7. 0-0 Nf6 8. Qe2 Be7 9. Rd1 Qc7 10. Bf4 e5 11. Nb5 Qb8 12. Bg5 Bg4 13. Bxf6 gxf6 14. h3 Bh5 15. g4 Bg6 16. Rac1 a6 17. Nc3 h5 18. Nd5 hxg4 19. hxg4 Bd8 20. Nh2 Nd4 21. Rxd4 exd4 22. f4 d3 23. Bxd3 Qa7+ 24. Kg2 Rg8 25. f5 Bh7 26. Kf3 Qd4 27. Nc7+ Bxc7 28. Rxc7 Qg1 29. Bc4 Rg7 30. Bd5 Bg8 31. Qg2 Qd1+ 32. Qe2 Qg1 33. Qg2 1/2-1/2

[Event "Oceania zt"]
[Site "Rotorua"]
[Date "2011.01.26"]
[Round "2"]
[White "Mitchell, Robert"]
[Black "Flitney, Adrian"]
[Result "0-1"]
[WhiteElo "1672"]
[BlackElo "1973"]
[PlyCount "112"]
[EventDate "2011.01.25"]
[EventType "swiss"]
[EventRounds "9"]
[EventCountry "NZL"]
[SourceTitle "CBM 140 Extra"]
[Source "ChessBase"]
[SourceDate "2011.03.01"]
[SourceVersion "1"]
[SourceVersionDate "2011.03.01"]
[SourceQuality "1"]

1. d4 d5 2. Bf4 c5 3. e3 Nc6 4. c3 Nf6 5. Nd2 Bf5 6. Qb3 Qd7 7. Bb5 a6 8. Qa4 Rc8 9. Bxc6 Qxc6 10. Qxc6+ Rxc6 11. Ngf3 Nd7 12. 0-0 e6 13. Ne5 Nxe5 14. dxe5 c4 15. Rac1 Be7 16. Rfe1 g5 17. Bg3 Rb6 18. b4 cxb3 19. axb3 Ba3 20. Ra1 Bb2 21. Ra2 Bxc3 22. Rc1 Rc6 23. Nf3 h6 24. Nd4 Bxd4 25. Rxc6 bxc6 26. exd4 Bd3 27. f3 Kd7 28. Be1 Rb8 29. Rb2 Bc4 30. b4 a5 31. Bc3 a4 32. Rb1 a3 33. Kf2 a2 34. Ra1 Kc7 35. Ke3 Kb6 36. Kd2 Kb5 37. Kc2 Rg8 38. Kb2 g4 39. f4 h5 40. Re1 Ra8 41. Ra1 Ra4 42. Bd2 Bd3 43. Kb3 Bb1 44. Bc3 Ra8 45. Be1 Rh8 46. Bh4 Ra8 47. Be1 Kb6 48. Bh4 Kc7 49. Be1 Kd7 50. Bd2 Ke8 51. Be1 Kf8 52. Bh4 Kg7 53. Be7 Kg6 54. Bd6 Kf5 55. g3 Ke4 56. Bc5 Kf3 0-1

[Event "Doeberl Cup 48th"]
[Site "Canberra"]
[Date "2010.04.03"]
[Round "7"]
[White "Flitney, Adrian"]
[Black "Encel, Benjamin"]
[Result "1-0"]
[WhiteElo "1978"]
[BlackElo "1884"]
[PlyCount "75"]
[EventDate "2010.04.01"]
[EventType "swiss"]
[EventRounds "9"]
[EventCountry "AUS"]
[SourceTitle "CBM 135 Extra"]
[Source "ChessBase"]
[SourceDate "2010.05.04"]
[SourceVersion "1"]
[SourceVersionDate "2010.05.04"]
[SourceQuality "1"]

1. e4 c5 2. d4 cxd4 3. c3 g6 4. cxd4 d5 5. exd5 Nf6 6. Bb5+ Bd7 7. Bc4 Qb6 8. Nc3 Bg7 9. Nge2 0-0 10. 0-0 Na6 11. Qb3 Qxb3 12. Bxb3 Rfd8 13. Bf4 Bf5 14. a3 Rac8 15. Rfd1 b6 16. d6 exd6 17. Nb5 Bc2 18. Bxc2 Rxc2 19. Rd2 Rxd2 20. Bxd2 Rd7 21. Bf4 Bf8 22. Rc1 Nh5 23. Rc8 Nxf4 24. Nxf4 d5 25. Kf1 g5 26. Nh5 Re7 27. Nf6+ Kg7 28. Nxh7 Kxh7 29. Rxf8 Nc7 30. Nxc7 Rxc7 31. Rd8 Rc2 32. Rxd5 Rxb2 33. Rd7 Kg6 34. Rxa7 Rd2 35. Rb7 Rxd4 36. Rxb6+ Kf5 37. Rb5+ Kf4 38. Rb4 1-0

[Event "Doeberl Cup 47th"]
[Site "Canberra"]
[Date "2009.04.12"]
[Round "7"]
[White "Flitney, Adrian"]
[Black "Quick, Simon"]
[Result "0-1"]
[WhiteElo "1980"]
[BlackElo "2197"]
[PlyCount "62"]
[EventDate "2009.04.09"]
[EventType "swiss"]
[EventRounds "9"]
[EventCountry "AUS"]
[SourceTitle "CBM 129 Extra"]
[Source "ChessBase"]
[SourceDate "2009.05.05"]
[SourceVersion "2"]
[SourceVersionDate "2009.05.20"]
[SourceQuality "1"]

1. e4 c5 2. d4 cxd4 3. c3 d3 4. c4 Nc6 5. Bxd3 g6 6. Nf3 Bg7 7. 0-0 d6 8. Nc3 Nf6 9. Be3 0-0 10. h3 Bd7 11. Qd2 Re8 12. Rad1 Qb8 13. Bh6 Bh8 14. Ng5 Nd8 15. f4 a6 16. f5 b5 17. Qf4 Qb6+ 18. Kh2 Nh5 19. fxg6 Be5 20. gxh7+ Kh8 21. Nd5 Nxf4 22. Nxb6 Nd5+ 23. g3 Nxb6 24. Nxf7+ Nxf7 25. Rxf7 Be6 26. Rf2 bxc4 27. Be2 Kxh7 28. Be3 Nd7 29. Rdf1 Nf6 30. Bf3 Rab8 31. Bc1 Rg8 0-1

[Event "Doeberl Cup 47th"]
[Site "Canberra"]
[Date "2009.04.11"]
[Round "6"]
[White "Goundar, Sanmogam"]
[Black "Flitney, Adrian"]
[Result "0-1"]
[WhiteElo "1903"]
[BlackElo "1980"]
[PlyCount "62"]
[EventDate "2009.04.09"]
[EventType "swiss"]
[EventRounds "9"]
[EventCountry "AUS"]
[SourceTitle "CBM 129 Extra"]
[Source "ChessBase"]
[SourceDate "2009.05.05"]
[SourceVersion "2"]
[SourceVersionDate "2009.05.20"]
[SourceQuality "1"]

1. d4 g6 2. c4 Bg7 3. Nc3 c5 4. d5 Bxc3+ 5. bxc3 f5 6. g3 d6 7. Bg2 Qa5 8. Qb3 Nd7 9. Nf3 Nb6 10. h4 Nf6 11. Nd2 Bd7 12. 0-0 Ba4 13. Qb2 0-0-0 14. Re1 Ne4 15. Bxe4 fxe4 16. Rb1 Rd7 17. a3 Rf8 18. Qa1 Rf5 19. Rxb6 Qxb6 20. Nxe4 Qb3 21. Bh6 Qxc4 22. Nd2 Qxd5 23. e4 Qf7 24. exf5 Qxf5 25. c4 Bc6 26. Qh8+ Kc7 27. Qxh7 e5 28. Qh8 Rf7 29. Re2 Qh3 30. Ne4 Qg4 31. Bg5 Rd7 0-1

[Event "Doeberl Cup 47th"]
[Site "Canberra"]
[Date "2009.04.10"]
[Round "4"]
[White "Flitney, Adrian"]
[Black "Morris, James"]
[Result "0-1"]
[WhiteElo "1980"]
[BlackElo "2114"]
[PlyCount "80"]
[EventDate "2009.04.09"]
[EventType "swiss"]
[EventRounds "9"]
[EventCountry "AUS"]
[SourceTitle "CBM 129 Extra"]
[Source "ChessBase"]
[SourceDate "2009.05.05"]
[SourceVersion "2"]
[SourceVersionDate "2009.05.20"]
[SourceQuality "1"]

1. e4 c5 2. d4 cxd4 3. c3 Nc6 4. Nf3 d5 5. exd5 Qxd5 6. cxd4 Bg4 7. Nc3 Bxf3 8. gxf3 Qxd4 9. Qxd4 Nxd4 10. Nb5 e5 11. Nc7+ Kd7 12. Nxa8 Bb4+ 13. Kd1 Nf6 14. Bh3+ Ke7 15. Be3 Rxa8 16. Rc1 Ba5 17. Rc8 Rxc8 18. Bxc8 b5 19. f4 Nd5 20. Rg1 g6 21. Bb7 Nxf4 22. Bxf4 exf4 23. Rg4 Ne6 24. Bd5 h5 25. Rg1 Nd4 26. a3 Kf6 27. b4 Bb6 28. Re1 g5 29. Re8 Ne6 30. Bxe6 fxe6 31. Ke2 g4 32. Rf8+ Kg5 33. Rg8+ Kh4 34. Kf1 Kh3 35. Rf8 e5 36. Rf5 h4 37. Rxe5 Kxh2 38. Rh5 h3 39. Rg5 g3 40. fxg3 fxg3 0-1

[Event "Doeberl Cup 47th"]
[Site "Canberra"]
[Date "2009.04.10"]
[Round "3"]
[White "Lukman, Ronny"]
[Black "Flitney, Adrian"]
[Result "1-0"]
[WhiteElo "2254"]
[BlackElo "1980"]
[PlyCount "43"]
[EventDate "2009.04.09"]
[EventType "swiss"]
[EventRounds "9"]
[EventCountry "AUS"]
[SourceTitle "CBM 129 Extra"]
[Source "ChessBase"]
[SourceDate "2009.05.05"]
[SourceVersion "2"]
[SourceVersionDate "2009.05.20"]
[SourceQuality "1"]

1. Nf3 d5 2. g3 Nf6 3. Bg2 Nc6 4. c4 e5 5. cxd5 Nxd5 6. d3 f6 7. Nc3 Be6 8. 0-0 Qd7 9. d4 Nxc3 10. bxc3 0-0-0 11. Be3 e4 12. Nd2 f5 13. Qa4 Be7 14. Rfd1 g5 15. d5 Bxd5 16. c4 Bf7 17. Nxe4 Qe6 18. Nxg5 Bxg5 19. Bxg5 Rxd1+ 20. Rxd1 Qxe2 21. Bxc6 bxc6 22. Qa6+ 1-0

[Event "Queenstown op"]
[Site "Queenstown"]
[Date "2009.01.20"]
[Round "6"]
[White "Flitney, Adrian"]
[Black "Tsagarakis, Angelo"]
[Result "1/2-1/2"]
[WhiteElo "1990"]
[BlackElo "1927"]
[PlyCount "109"]
[EventDate "2009.01.15"]
[EventType "swiss"]
[EventRounds "10"]
[EventCountry "NZL"]
[SourceTitle "CBM 128 Extra"]
[Source "ChessBase"]
[SourceDate "2009.03.05"]
[SourceVersion "2"]
[SourceVersionDate "2009.03.25"]
[SourceQuality "1"]

1. e4 g6 2. d4 Bg7 3. Nc3 d6 4. Be3 c6 5. Qd2 b5 6. 0-0-0 a5 7. Nf3 Ba6 8. Bd3 b4 9. Ne2 Bxd3 10. Qxd3 a4 11. Qc4 Qb6 12. Ng5 Nh6 13. h4 Nd7 14. h5 Qb5 15. Qxb5 cxb5 16. hxg6 hxg6 17. f3 0-0 18. Ne6 fxe6 19. Bxh6 Rfc8 20. Bxg7 Kxg7 21. Kb1 e5 22. dxe5 Nxe5 23. Nf4 Nc6 24. Rh3 b3 25. cxb3 axb3 26. axb3 Nb4 27. Nd5 Nc2 28. Nc3 Ne3 29. Rdh1 b4 30. Rh7+ Kf6 31. Nd5+ Nxd5 32. exd5 Ra5 33. Re1 Rxd5 34. Rhxe7 Rd2 35. R7e2 Rcc2 36. Rxd2 Rxd2 37. Re4 Rxg2 38. Rxb4 Rf2 39. Rd4 Ke5 40. Rd3 d5 41. b4 Kd6 42. Ka2 Kc6 43. Ka3 Re2 44. Kb3 g5 45. Kc3 Rg2 46. b5+ Kc5 47. b6 Kxb6 48. Rxd5 g4 49. fxg4 Rxg4 50. b4 Kc6 51. Rc5+ Kb6 52. Kb3 Rh4 53. Rg5 Rh3+ 54. Ka4 Rh6 55. Rb5+ 1/2-1/2

[Event "Queenstown op"]
[Site "Queenstown"]
[Date "2009.01.16"]
[Round "2"]
[White "Flitney, Adrian"]
[Black "Ivanov, Nikola"]
[Result "1-0"]
[WhiteElo "1990"]
[BlackElo "1795"]
[PlyCount "131"]
[EventDate "2009.01.15"]
[EventType "swiss"]
[EventRounds "10"]
[EventCountry "NZL"]
[SourceTitle "CBM 128 Extra"]
[Source "ChessBase"]
[SourceDate "2009.03.05"]
[SourceVersion "2"]
[SourceVersionDate "2009.03.25"]
[SourceQuality "1"]

1. e4 e5 2. f4 d6 3. Nf3 Nc6 4. Nc3 Nf6 5. Bb5 Bd7 6. d3 Nd4 7. Bxd7+ Nxd7 8. Be3 Nxf3+ 9. Qxf3 Be7 10. 0-0 0-0 11. f5 c6 12. Ne2 Bg5 13. Kh1 Bxe3 14. Qxe3 Nf6 15. Qf3 d5 16. g4 d4 17. g5 Nd7 18. f6 gxf6 19. gxf6 Kh8 20. Rf2 Rg8 21. Rg1 Rg6 22. Rxg6 fxg6 23. Ng1 Qf8 24. Nh3 h6 25. Qg4 Qf7 26. Qh4 Qh7 27. f7 g5 28. Qg4 Nf8 29. Qg3 Qg7 30. Rf5 Rd8 31. Nxg5 Rd7 32. Nf3 Rxf7 33. Qxg7+ Kxg7 34. Rxf7+ Kxf7 35. Nxe5+ Kf6 36. Nf3 c5 37. Kg2 Nd7 38. Kg3 b5 39. b4 c4 40. Nxd4 cxd3 41. cxd3 a6 42. Nb3 Ke5 43. Kf3 Kd6 44. d4 Kc6 45. Nc5 Nb8 46. Kg4 Kb6 47. e5 Nc6 48. e6 a5 49. bxa5+ Kc7 50. Nb3 Kd6 51. Kh5 Kxe6 52. Kxh6 Kd5 53. Kg5 Nb4 54. a3 Nc6 55. a6 Kc4 56. Na5+ Nxa5 57. a7 Kxd4 58. a8Q Nc4 59. Qa6 Kc5 60. h4 Nb2 61. h5 Kc4 62. h6 Na4 63. h7 Nc5 64. Qc6 b4 65. axb4 Kxb4 66. h8Q 1-0

[Event "Doeberl Cup 46th"]
[Site "Canberra"]
[Date "2008.03.23"]
[Round "8"]
[White "Flitney, Adrian"]
[Black "Illingworth, Max"]
[Result "0-1"]
[WhiteElo "2002"]
[BlackElo "2152"]
[PlyCount "50"]
[EventDate "2008.03.20"]
[EventType "swiss"]
[EventRounds "9"]
[EventCountry "AUS"]
[SourceTitle "CBM 123 Extra"]
[Source "ChessBase"]
[SourceDate "2008.05.06"]
[SourceVersion "1"]
[SourceVersionDate "2008.05.06"]
[SourceQuality "1"]

1. e4 c5 2. d4 cxd4 3. c3 Nf6 4. e5 Nd5 5. Nf3 Nc6 6. Bc4 Nb6 7. Bb3 d5 8. exd6 Qxd6 9. 0-0 Be6 10. Bxe6 Qxe6 11. Nxd4 Qd7 12. Nxc6 Qxc6 13. Re1 e6 14. Bf4 Be7 15. Qg4 0-0-0 16. Nd2 g6 17. Nb3 h5 18. Qe2 Rhe8 19. Nd4 Qc4 20. Nb5 Qxf4 21. Nxa7+ Kb8 22. Qb5 Qc7 23. Qa5 Nc4 24. Qa4 Nxb2 25. Qb3 Kxa7 0-1

[Event "Doeberl Cup 46th"]
[Site "Canberra"]
[Date "2008.03.21"]
[Round "3"]
[White "Rej, Tomek"]
[Black "Flitney, Adrian"]
[Result "1-0"]
[WhiteElo "2283"]
[BlackElo "2002"]
[PlyCount "97"]
[EventDate "2008.03.20"]
[EventType "swiss"]
[EventRounds "9"]
[EventCountry "AUS"]
[SourceTitle "CBM 123 Extra"]
[Source "ChessBase"]
[SourceDate "2008.05.06"]
[SourceVersion "1"]
[SourceVersionDate "2008.05.06"]
[SourceQuality "1"]

1. d4 g6 2. c4 c5 3. d5 Bg7 4. e4 b5 5. cxb5 a6 6. bxa6 Bxa6 7. Bxa6 Nxa6 8. Nf3 Qa5+ 9. Bd2 Qb6 10. Nc3 Nf6 11. 0-0 0-0 12. Ne5 d6 13. Nc4 Qb7 14. Qe2 Nd7 15. Na5 Qb6 16. Nc6 Nb4 17. Nxe7+ Kh8 18. Qb5 Qxb5 19. Nxb5 Bxb2 20. Rab1 Bf6 21. Nc6 Rxa2 22. Bxb4 cxb4 23. Rxb4 Nb8 24. Rc4 Nxc6 25. Rxc6 Rb8 26. Nxd6 Bd4 27. Rc4 Bxf2+ 28. Rxf2 Rb1+ 29. Rf1 Rbb2 30. Rc8+ Kg7 31. Rxf7+ Kh6 32. Nf5+ gxf5 33. Rc6+ Kg5 34. Rxf5+ Kg4 35. h3+ Kg3 36. Rf3+ Kh4 37. Rf4+ Kg5 38. Rg4+ Kh5 39. Rf6 Re2 40. Rf7 Kh6 41. Kh2 Rad2 42. Rgg7 Rxe4 43. Rxh7+ Kg6 44. Rd7 Ree2 45. Rhg7+ Kh6 46. Rg4 Rf2 47. Rd8 Kh7 48. Rdg8 Rxd5 49. R8g5 1-0

[Event "Doeberl Cup 46th"]
[Site "Canberra"]
[Date "2008.03.20"]
[Round "2"]
[White "Flitney, Adrian"]
[Black "Mitchell, Robert S"]
[Result "1-0"]
[WhiteElo "2002"]
[BlackElo "1904"]
[PlyCount "33"]
[EventDate "2008.03.20"]
[EventType "swiss"]
[EventRounds "9"]
[EventCountry "AUS"]
[SourceTitle "CBM 123 Extra"]
[Source "ChessBase"]
[SourceDate "2008.05.06"]
[SourceVersion "1"]
[SourceVersionDate "2008.05.06"]
[SourceQuality "1"]

1. e4 d5 2. exd5 Qxd5 3. Nc3 Qd6 4. d4 Nf6 5. Nf3 Bg4 6. h3 Bxf3 7. Qxf3 c6 8. Bf4 Qd8 9. 0-0-0 e6 10. d5 cxd5 11. Bxb8 Rxb8 12. Bb5+ Ke7 13. Rhe1 a6 14. Nxd5+ Nxd5 15. Rxd5 Qa5 16. Rd7+ Ke8 17. Qxf7# 1-0

[Event "Nelson op"]
[Site "Nelson"]
[Date "2007.10.04"]
[Round "3"]
[White "Flitney, Adrian"]
[Black "Dive, Russell John"]
[Result "0-1"]
[WhiteElo "1999"]
[BlackElo "2344"]
[PlyCount "74"]
[EventDate "2007.10.03"]
[EventType "swiss"]
[EventRounds "9"]
[EventCountry "NZL"]
[SourceTitle "CBM 120 Extra"]
[Source "ChessBase"]
[SourceDate "2007.11.01"]
[SourceVersion "1"]
[SourceVersionDate "2007.11.01"]
[SourceQuality "1"]

1. e4 Nf6 2. e5 Nd5 3. c4 Nb6 4. c5 Nd5 5. Bc4 c6 6. Nc3 Nxc3 7. dxc3 e6 8. Qg4 b6 9. Nf3 Ba6 10. Bg5 h5 11. Qg3 Qc8 12. Bb3 Bd3 13. 0-0-0 Qa6 14. Rxd3 Qxd3 15. Rd1 Qf5 16. h3 Be7 17. Bxe7 Kxe7 18. Nh4 Qh7 19. Qg5+ Ke8 20. f4 Qh6 21. Qg3 Na6 22. Bc4 b5 23. Be2 Nxc5 24. b4 Na4 25. Kc2 Nb6 26. f5 Nd5 27. Rd4 Qe3 28. Qxe3 Nxe3+ 29. Kb3 Nxf5 30. Nxf5 exf5 31. h4 a5 32. a3 axb4 33. axb4 Ra1 34. Bd3 g6 35. Be2 Re1 36. Rd2 Ke7 37. Ra2 Ke6 0-1

[Event "Doeberl Cup 45th"]
[Site "Canberra"]
[Date "2007.04.06"]
[Round "1"]
[White "Flitney, Adrian"]
[Black "Solomon, Stephen J"]
[Result "0-1"]
[WhiteElo "2009"]
[BlackElo "2430"]
[PlyCount "56"]
[EventDate "2007.04.06"]
[EventType "swiss"]
[EventRounds "7"]
[EventCountry "AUS"]
[SourceTitle "CBM 117 Extra"]
[Source "ChessBase"]
[SourceDate "2007.05.09"]
[SourceVersion "1"]
[SourceVersionDate "2007.05.09"]
[SourceQuality "1"]

1. e4 e5 2. f4 exf4 3. Nf3 d6 4. Bc4 h6 5. h4 Nf6 6. 0-0 Nh5 7. d3 g5 8. Ne5 dxe5 9. Qxh5 Bc5+ 10. Kh1 Qf6 11. Nc3 c6 12. b4 Bd4 13. Bb2 Nd7 14. Nd1 Bxb2 15. Nxb2 Qg7 16. Qe2 Nf6 17. d4 Bg4 18. Qd3 Rd8 19. c3 Nh5 20. Rf2 exd4 21. Rd2 Be2 22. Rxe2 dxc3 23. Bxf7+ Kxf7 24. Qc4+ Kg6 25. Qe6+ Qf6 26. Qf5+ Qxf5 27. exf5+ Kxf5 28. g4+ Kxg4 0-1

[Event "Australian op"]
[Site "Tuggeranong"]
[Date "2006.12.28"]
[Round "1"]
[White "Flitney, Adrian"]
[Black "Garcia, Eduardo"]
[Result "1-0"]
[WhiteElo "2023"]
[BlackElo "2266"]
[PlyCount "43"]
[EventDate "2006.12.28"]
[EventType "swiss"]
[EventRounds "11"]
[EventCountry "AUS"]
[SourceTitle "CBM 116 Extra"]
[Source "ChessBase"]
[SourceDate "2007.03.07"]
[SourceVersion "1"]
[SourceVersionDate "2007.03.07"]
[SourceQuality "1"]

1. e4 e5 2. f4 exf4 3. Nf3 Nc6 4. d4 d6 5. Bxf4 Nf6 6. Nc3 a6 7. Bc4 Be7 8. 0-0 b5 9. Bb3 0-0 10. a4 bxa4 11. Rxa4 Bd7 12. e5 dxe5 13. dxe5 Ne8 14. Ne4 Qc8 15. Nfg5 Bxg5 16. Nxg5 Bf5 17. Nxf7 Rxf7 18. Bxf7+ Kxf7 19. Bg5 Kg8 20. Rxf5 Qxf5 21. Qd5+ Kh8 22. Rf4 1-0

[Event "Box Hill CC-ch"]
[Site "Box Hill"]
[Date "2005.06.12"]
[Round "3.2"]
[White "Froehlich, Peter"]
[Black "Flitney, Adrian"]
[Result "0-1"]
[WhiteElo "2374"]
[BlackElo "1954"]
[PlyCount "54"]
[EventDate "2005.06.11"]
[EventType "swiss"]
[EventRounds "7"]
[EventCountry "AUS"]
[SourceTitle "EXT 2018"]
[Source "ChessBase"]
[SourceDate "2017.10.13"]
[SourceVersion "1"]
[SourceVersionDate "2017.10.13"]
[SourceQuality "1"]

1. d4 d5 2. c4 e6 3. Nc3 c5 4. e3 Nf6 5. Nf3 Nc6 6. a3 a6 7. cxd5 exd5 8. dxc5 Bxc5 9. b4 Bd6 10. Be2 0-0 11. 0-0 Bc7 12. Bb2 Qd6 13. g3 Bh3 14. Re1 Rad8 15. b5 Ne5 16. Nxe5 Qxe5 17. Na4 Qf5 18. b6 Ne4 19. Bf3 Ng5 20. Be2 Qe4 21. f3 Qxe3+ 22. Kh1 Qf2 23. Rg1 Rde8 24. Qd4 Qxd4 25. Bxd4 Rxe2 26. Nc3 Rc2 27. bxc7 Nxf3 0-1

[Event "Doeberl Cup 43rd"]
[Site "Canberra"]
[Date "2005.03.27"]
[Round "5"]
[White "Flitney, Adrian"]
[Black "Hacche, David"]
[Result "0-1"]
[WhiteElo "1982"]
[BlackElo "2117"]
[PlyCount "80"]
[EventDate "2005.03.25"]
[EventType "swiss"]
[EventRounds "7"]
[EventCountry "AUS"]
[SourceTitle "CBM 105 Extra"]
[Source "ChessBase"]
[SourceDate "2005.05.01"]
[SourceVersion "1"]
[SourceVersionDate "2005.05.01"]
[SourceQuality "1"]

1. e4 e6 2. d4 d5 3. e5 c5 4. c3 Ne7 5. Nf3 Nec6 6. Be2 b6 7. Na3 Ba6 8. Nb5 Qd7 9. a4 Bxb5 10. axb5 Nd8 11. dxc5 bxc5 12. 0-0 Be7 13. Be3 Qb7 14. Qa4 0-0 15. Qg4 f5 16. exf6 Rxf6 17. Bg5 Rf8 18. Bd3 Bf6 19. Rfe1 c4 20. Bc2 Qf7 21. Qh4 h6 22. Ne5 Bxe5 23. Rxe5 Nd7 24. Re3 Nf6 25. Bxh6 Qh5 26. Qxh5 Nxh5 27. Rh3 Nf6 28. Be3 Rb8 29. b6 axb6 30. Bg6 Nc6 31. Ra6 Ra8 32. Rxa8 Rxa8 33. Kf1 Ra2 34. Bxb6 Rxb2 35. Bc5 Ne5 36. Bh5 Nd3 37. Bd4 Rb1+ 38. Ke2 Nf4+ 39. Kf3 Nxh3 40. gxh3 Nxh5 0-1